| 000 | 01160pam a2200349 a 4500 | ||
|---|---|---|---|
| 001 | 6183389 | ||
| 003 | Nust- CAS-E | ||
| 005 | 20180118181410.0 | ||
| 008 | 061003s2007 gw a b 001 0 eng d | ||
| 015 |
_aGBA686487 _2bnb |
||
| 020 | _a9783527406814 (pbk.) | ||
| 020 | _a3527406816 (pbk.) | ||
| 035 | _a(OCoLC)ocm85897359 | ||
| 035 | _a(NNC)6183389 | ||
| 040 |
_aUKM _cUKM _dOHX _dBAKER _dNNC |
||
| 042 | _aukblsr | ||
| 082 | 0 | 4 |
_a530.44 _222 _bSMI-P 2007 |
| 100 | 1 |
_aSmirnov, B. M. _q(Boris Mikhaĭlovich), _d1938- |
|
| 245 | 1 | 0 |
_aPlasma processes and plasma kinetics : _b586 worked out problems for science and technology / _cBoris M. Smirnov. |
| 260 |
_aWeinheim : _bWiley-VCH Verlag, _cc2007. |
||
| 300 |
_aix, 572 p. : _bill. ; _c24 cm. |
||
| 490 | 1 | _aPhysics textbook | |
| 502 | _a0 | ||
| 504 | _aIncludes bibliographical references and index. | ||
| 650 | 0 |
_aPlasma engineering _vProblems, exercises, etc. |
|
| 650 | 0 |
_aPlasma (Ionized gases) _vProblems, exercises, etc. |
|
| 650 | 0 |
_aPlasma dynamics _vProblems, exercises, etc. |
|
| 830 | 0 | _aPhysics textbook. | |
| 942 |
_2ddc _cBK |
||
| 948 | 1 |
_a20070514 _bc _crf4 _dMPS |
|
| 999 |
_c355686 _d355686 |
||